Detalles MARC
| 000 -LEADER |
| campo de control de longitud fija |
03025cam a22005178a 4500 |
| 001 - NÚMERO DE CONTROL |
| campo de control |
52980525 |
| 003 - IDENTIFICADOR DE NÚMERO DE CONTROL |
| campo de control |
PE-LiUPU |
| 005 - FECHA Y HORA DE LA ÚLTIMA TRANSACCIÓN |
| campo de control |
20250731173604.0 |
| 008 - DATOS DE LONGITUD FIJA--INFORMACIÓN GENERAL |
| campo de control de longitud fija |
030829s2003 dcu b 001 0deng |
| 020 ## - NÚMERO INTERNACIONAL ESTÁNDAR DEL LIBRO |
| Número Internacional Estándar del Libro |
0915170353 |
| 035 ## - NÚMERO DE CONTROL DEL SISTEMA |
| Número de control de sistema |
.b16685209 |
| 035 ## - NÚMERO DE CONTROL DEL SISTEMA |
| Número de control de sistema |
.b16685209 |
| 040 ## - FUENTE DE CATALOGACIÓN |
| Centro catalogador/agencia de origen |
DLC |
| Centro/agencia transcriptor |
PE-LiUPU |
| Centro/agencia modificador |
PE-LiUPU |
| Lengua de catalogación |
spa |
| Normas de descripción |
rda |
| 042 ## - CÓDIGO DE AUTENTICACIÓN |
| Código de autenticación |
pcc |
| 043 ## - CÓDIGO DE ÁREA GEOGRÁFICA |
| Código de área geográfica |
a-is--- |
| 049 ## - FONDOS LOCALES (OCLC) |
| Biblioteca depositaria |
EXNs |
| 050 00 - SIGNATURA TOPOGRÁFICA DE LA BIBLIOTECA DEL CONGRESO |
| Número de clasificación |
BS580.A6 |
| Número de ítem |
S64 2003 |
| 082 00 - NÚMERO DE LA CLASIFICACIÓN DECIMAL DEWEY |
| Número de clasificación |
224.8067 |
| Cutter |
S822s |
| Número de edición |
23 |
| 100 1# - ENTRADA PRINCIPAL--NOMBRE DE PERSONA |
| Nombre de persona |
Steiner, Richard C. |
| Término indicativo de función/relación |
autor. |
| 245 10 - MENCIÓN DEL TÍTULO |
| Título |
Stockmen from Tekoa, sycomores from Sheba : |
| Resto del título |
a study of Amos' occupations / |
| Mención de responsabilidad, etc. |
por Richard C. Steiner. |
| 250 ## - MENCION DE EDICION |
| Mención de edición |
Primera edición. |
| 264 ## - PRODUCCIÓN, PUBLICACIÓN, DISTRIBUCIÓN, FABRICACIÓN Y COPYRIGHT |
| Producción, publicación, distribución, fabricación y copyright |
Washington, D.C. : |
| Nombre del de productor, editor, distribuidor, fabricante |
Catholic Biblical Association of America, |
| Fecha de producción, publicación, distribución, fabricación o copyright |
c2003. |
| 300 ## - DESCRIPCIÓN FÍSICA |
| Extensión |
x, 158 páginas ; |
| Dimensiones |
23 cm. |
| 440 #4 - MENCIÓN DE SERIE/PUNTO DE ACCESO ADICIONAL--TÍTULO |
| Título |
The Catholic Biblical quarterly. |
| Nombre de parte o sección de la obra |
Monograph series ; |
| Designación de volumen o secuencia |
36. |
| 504 ## - NOTA DE BIBLIOGRAFÍA, ETC. |
| Nota de bibliografía, etc. |
Incluye referencias bibliográficas e índices. |
| 505 ## - NOTA DE CONTENIDO CON FORMATO |
| Nota de contenido con formato |
Acknowledgments -- Introduction -- בולס שקמים: History of Interpretation -- Ancient and Medieval Interpretations of בולס -- The Septuagint’s Interpretation of בולס and Sycomore Horticulture -- The Septuagint’s Translation of שקמים: The Meaning and Etymology of συκάμινος -- Aquila’s Interpretation of בולס -- Rashi’s Interpretation of בולס and Sycomore Silviculture -- בולס: Etymology and Meaning -- Bochart’s Etymology of בולס -- Bochart’s Etymology and a Post-biblical Survival of בולס “Sycomore Fig” -- Bochart’s Etymology and the Meaning of בולס שקמים -- בולס and שקמה: Linguistic Evidence for the Origin of the Biblical Sycomore -- The Controversy Surrounding the Origin of the Biblical Sycomore -- The Distribution of Bls and Šqmt in the Semitic Languages -- בולס and שקמה: Lexical and Botanical Imports from South Arabia -- The Etymology of שקמה -- מאחרי הצאן, בוקר, בקרים -- The Meaning of בוקר -- The Meaning of בקרים -- The Syntax of דברי עמוס אשר היה בנקרים מתקוע -- The Meaning of ויקחני יה מאחרי הצאן -- Amos’ Occupations -- The Herdsmen from Tekoa -- The Location of Amos’ Sycomores -- Linking the Two Occupations -- Amos’ Occupations and His Prophecies. |
| 526 ## - NOTA DE INFORMACIÓN SOBRE EL PROGRAMA DE ESTUDIO |
| Nombre del programa |
Segunda Especialidad En Profecías Bíblicas |
| 526 ## - NOTA DE INFORMACIÓN SOBRE EL PROGRAMA DE ESTUDIO |
| Nombre del programa |
Segunda Especialidad En Nuevo Testamento |
| 526 ## - NOTA DE INFORMACIÓN SOBRE EL PROGRAMA DE ESTUDIO |
| Nombre del programa |
Segunda Especialidad En Antiguo Testamento |
| 526 ## - NOTA DE INFORMACIÓN SOBRE EL PROGRAMA DE ESTUDIO |
| Nombre del programa |
Segunda Especialidad En Estudios Adventistas |
| 526 ## - NOTA DE INFORMACIÓN SOBRE EL PROGRAMA DE ESTUDIO |
| Nombre del programa |
Doctorado en teología |
| 526 ## - NOTA DE INFORMACIÓN SOBRE EL PROGRAMA DE ESTUDIO |
| Nombre del programa |
Maestría en teología histórica |
| 526 ## - NOTA DE INFORMACIÓN SOBRE EL PROGRAMA DE ESTUDIO |
| Nombre del programa |
Maestría en teología bíblica |
| 526 ## - NOTA DE INFORMACIÓN SOBRE EL PROGRAMA DE ESTUDIO |
| Nombre del programa |
Maestría en teología |
| 526 ## - NOTA DE INFORMACIÓN SOBRE EL PROGRAMA DE ESTUDIO |
| Nombre del programa |
Maestría en misionología |
| 526 ## - NOTA DE INFORMACIÓN SOBRE EL PROGRAMA DE ESTUDIO |
| Nombre del programa |
Maestría en liderazgo eclesiástico |
| 526 ## - NOTA DE INFORMACIÓN SOBRE EL PROGRAMA DE ESTUDIO |
| Nombre del programa |
Teología |
| 600 14 - PUNTO DE ACCESO ADICIONAL DE MATERIA--NOMBRE DE PERSONA |
| Nombre de persona |
Amós |
| Títulos y otros términos asociados al nombre |
(Profeta bíblico) |
| Subdivisión general |
Carrera en agricultura. |
| 9 (RLIN) |
5089 |
| 600 #0 - PUNTO DE ACCESO ADICIONAL DE MATERIA--NOMBRE DE PERSONA |
| Nombre de persona |
Amós |
| Títulos y otros términos asociados al nombre |
(Profeta bíblico) |
| Subdivisión general |
Carrera en pastoreo. |
| 9 (RLIN) |
5090 |
| 630 24 - PUNTO DE ACCESO ADICIONAL DE MATERIA--TÍTULO UNIFORME |
| Título uniforme |
Biblia. |
| Nombre de parte o sección de la obra |
Amós 1: 1 |
| Subdivisión general |
Crítica interpretación, etc. |
| 9 (RLIN) |
5091 |
| 630 24 - PUNTO DE ACCESO ADICIONAL DE MATERIA--TÍTULO UNIFORME |
| Título uniforme |
Biblia. |
| Nombre de parte o sección de la obra |
Amós 7: 14-15 |
| Subdivisión general |
Crítica, interpretación, etc. |
| 9 (RLIN) |
5092 |
| 650 24 - PUNTO DE ACCESO ADICIONAL DE MATERIA--TÉRMINO DE MATERIA |
| Término de materia o nombre geográfico como elemento de entrada |
Agricultura |
| Subdivisión geográfica |
Palestina. |
| 9 (RLIN) |
5093 |
| 650 24 - PUNTO DE ACCESO ADICIONAL DE MATERIA--TÉRMINO DE MATERIA |
| Término de materia o nombre geográfico como elemento de entrada |
Pastoreo |
| Subdivisión geográfica |
Palestina. |
| 9 (RLIN) |
5094 |
| 942 ## - ELEMENTOS DE ENTRADA SECUNDARIOS (KOHA) |
| Fuente del sistema de clasificación o colocación |
Clasificación Decimal Dewey |
| Tipo de ítem Koha |
Libros físicos |
| Suprimir en OPAC |
No |
| 980 ## - EQUIVALENCIA O REFERENCIA-CRUZADA-MENCIÓN DE SERIE--NOMBRE DE PERSONA/TÍTULO [LOCAL, CANADÁ] |
| ID del usuario creador del registro |
18226 |
| Nombre del creador del registro |
Jaime Vilcazán Jefe de Análisis Documental |
| ID del último usuario que modificó el registro |
1 |
| Nombre del último usuario que modificó el registro |
ALBERTO SANCHEZ Responsable de Automatización |